| 000 | 01096cam a2200289 a 4500 | ||
|---|---|---|---|
| 001 | 616065 | ||
| 003 | OSt | ||
| 005 | 20230605114921.0 | ||
| 008 | 920724s1992 enka b 001 0 eng | ||
| 010 | _a 92028908 | ||
| 020 | _a1856491110 (Hb) | ||
| 020 | _a1856491129 (pbk.) | ||
| 040 |
_aDLC _cDLC _dDLC |
||
| 043 | _af------ | ||
| 082 | 0 | 0 |
_a333.79/32/096 _220 _bRAN |
| 245 | 0 | 0 |
_aRural electrification in Africa / _cA. Mbewe ... [et al.] ; edited and introduced by V. Ranganathan. |
| 260 |
_aLondon ; _aAtlantic Highlands, N.J., USA : _bZed Books in association with African Energy Policy Research Network--AFREPREN, Gaborone, _cc1992. |
||
| 300 |
_aviii, 182 p. : _bill. ; _c23 cm. |
||
| 504 | _aIncludes bibliographical references and index. | ||
| 650 | 0 |
_aRural electrification _zAfrica. |
|
| 700 | 1 |
_aMbewe, A. _q(Abel) |
|
| 700 | 1 | _aRanganathan, V. | |
| 710 | 2 | _aAfrican Enery Policy Research Network. | |
| 906 |
_a7 _bcbc _corignew _d1 _eocip _f19 _gy-gencatlg |
||
| 942 |
_2ddc _cBK |
||
| 999 |
_c338 _d338 |
||